| 000 | 01714nam a2200253 a 4500 | ||
|---|---|---|---|
| 001 | 000904163 | ||
| 003 | AM-YeHGA | ||
| 005 | 20250617145518.0 | ||
| 008 | 120703s1982 ||| r 000 0 rus d | ||
| 040 | _aAM-YeHGA | ||
| 041 | 0 | _arus | |
| 245 | 0 | 0 |
_aГеология и нефтегазоносность карбонатного палеозоя Нижнего Поволжья и Южно-Эмбинского района : _bСборник научных трудов / _cИн-т геологии и разраб. горючих ископаемых, Волгогр. гос. н.-и. и проект. ин-т нефт. пром-сти; Отв. ред.: В.Н. Михалькова. |
| 260 |
_aМосква : _bИГИРГИ, _c1982. |
||
| 300 |
_a103 с. : _bил. |
||
| 504 | _aБиблиогр. в конце работ | ||
| 653 | 0 | _aКарбонатные отложения - Палеозой - Нижнее Поволжье | |
| 653 | 0 | _aКарбонатные отложения - Палеозой - Эмбинский нефтяной район | |
| 653 | 0 | _aПалеозойские отложения - Нефтеносность - Нижнее Поволжье | |
| 653 | 0 | _aПалеозойские отложения - Нефтеносность - Эмбинский нефтяной район | |
| 700 | 1 |
_aМихалькова, В.Н. _eред. _4edt |
|
| 710 | 2 | _aИнститут геологии и разработки горючих ископаемых | |
| 710 | 2 | _aВолгоградский государственный научно-исследовательский и проектный институт нефтяной промышленности | |
| 090 | _c315058 | ||
| 999 |
_c313340 _d313340 |
||